| 000 | 01315 a2200373 4500 | ||
|---|---|---|---|
| 003 | OSt | ||
| 005 | 20180116192334.0 | ||
| 008 | 120213t xxu||||| |||| 00| 0 eng d | ||
| 010 | _a 2009368375 | ||
| 020 | _a3822860654 (v. 1 : pbk.) | ||
| 020 | _a9783822860656 (v. 1 : pbk.) | ||
| 020 | _a3822815942 (v. 2 : pbk.) | ||
| 020 | _a9783822815946 (v. 2 : pbk.) | ||
| 020 | _a3822829358 (v. 3 : pbk.) | ||
| 020 | _a9783822829356 (v. 3 : pbk.) | ||
| 020 | _a9783822839898 (v. 4 : pbk.) | ||
| 020 | _a9783822818107 (v. 5 : pbk.) | ||
| 020 | _a9783836501934 (v. 6 : pbk.) | ||
| 035 | _a(OCoLC)ocm52308409 | ||
| 040 | _c0 | ||
| 082 | 0 | 4 | _a724.7 |
| 100 | 1 | _aJodidio, Philip. | |
| 245 | 1 | 0 |
_aArchitecture now! = _bArchitektur heute = L'architecture d'aujourd'hui / _cPhilip Jodidio ; [German translation: Karin Haag, French translation: Jacques Bosser]. _nVol.1 |
| 246 | 3 | 1 | _aArchitektur heute |
| 246 | 3 | 1 | _aArchitecture d'aujourd'hui |
| 260 |
_aKöln : _bTaschen, _c2009 |
||
| 300 |
_av:1 _bill. (chiefly col.) ; _c26 cm. |
||
| 500 | _aIncludes index. | ||
| 650 | 0 |
_aArchitecture, Modern _y20th century. |
|
| 650 | 0 |
_aArchitecture, Modern _y21st century. |
|
| 650 | 0 | _aArchitectural firms | |
| 942 |
_aSADA _cBK _k724.7 JOD 2009 _2ddc |
||
| 999 |
_c352409 _d352409 |
||